| Tag |
First Indicator |
Second Indicator |
Subfields |
| LEADER |
00000cam a2200000 4500 |
| 001 |
in00000048792 |
| 005 |
20151007075649.0 |
| 008 |
741022s1927 nyuacf 00010 eng u |
| 010 |
|
|
|a 27013510
|
| 035 |
|
|
|a (OCoLC)01049422
|
| 035 |
|
|
|9 AAF3614AM
|
| 040 |
|
|
|c TLM
|d TXA
|d UtOrBLW
|
| 049 |
|
|
|a TXAM
|c [130210]
|
| 050 |
|
0 |
|a SF429.F5
|b A3
|
| 092 |
|
|
|a 636.76
|b A182w
|
| 100 |
1 |
|
|a Ackerman, Irving C.
|
| 245 |
1 |
4 |
|a The wire-haired foxterrier /
|c by Irving C. Ackerman;
|c text illustrations by Josephine Z. Rine,
|c photographs by R. W. Tauskey.
|
| 264 |
|
1 |
|a New York :
|b G. H. Watt,
|c [1927]
|
| 264 |
|
4 |
|c [©1927]
|
| 300 |
|
|
|a 191 pages :
|b frontispiece, illustrations, plates, portrait ;
|c 22 cm.
|
| 336 |
|
|
|a text
|b txt
|2 rdacontent
|
| 337 |
|
|
|a unmediated
|b n
|2 rdamedia
|
| 338 |
|
|
|a volume
|b nc
|2 rdacarrier
|
| 650 |
|
0 |
|a Fox terriers.
|
| 999 |
|
|
|a MARS
|
| 999 |
f |
f |
|s 830c1827-651d-3c92-b271-adc9705a678d
|i b99066c7-e812-3083-913c-31b02a3ef577
|t 0
|
| 952 |
f |
f |
|p ric
|a Texas A&M University
|b Rellis Campus
|c Joint Library Facility
|d Remote Storage
|t 0
|e SF429.F5 A3
|h Library of Congress classification
|i unmediated -- volume
|m A14801093906
|
| 998 |
f |
f |
|a SF429.F5 A3
|t 0
|l Remote Storage
|